IMP3 :pelan induk perindustrian ketiga 2006-2020 : Malaysia - ke arah daya saing global (Record no. 226)
[ view plain ]
| 000 -LEADER | |
|---|---|
| fixed length control field | nam a22 a 4500 |
| 003 - CONTROL NUMBER IDENTIFIER | |
| control field | AKMAL |
| 005 - DATE AND TIME OF LATEST TRANSACTION | |
| control field | 20170427094955.0 |
| 008 - FIXED-LENGTH DATA ELEMENTS--GENERAL INFORMATION | |
| fixed length control field | 170427t2006 my e o000 0 may d |
| 020 ## - INTERNATIONAL STANDARD BOOK NUMBER | |
| International Standard Book Number | 9834313713 (kkt.) |
| Terms of availability | RM135.00 |
| 040 ## - CATALOGING SOURCE | |
| Transcribing agency | AKMAL |
| 082 04 - DEWEY DECIMAL CLASSIFICATION NUMBER | |
| Classification number | 338.9595 KPAI |
| Edition number | 22 |
| 090 20 - LOCALLY ASSIGNED LC-TYPE CALL NUMBER (OCLC); LOCAL CALL NUMBER (RLIN) | |
| Classification number (OCLC) (R) ; Classification number, CALL (RLIN) (NR) | 338.09595 |
| Local cutter number (OCLC) ; Book number/undivided call number, CALL (RLIN) | KPAI |
| 110 1# - MAIN ENTRY--CORPORATE NAME | |
| Corporate name or jurisdiction name as entry element | Malaysia. |
| Subordinate unit | Kementerian Perdagangan Antarabangsa dan Industri |
| 9 (RLIN) | 514 |
| 245 10 - TITLE STATEMENT | |
| Title | IMP3 :pelan induk perindustrian ketiga 2006-2020 : Malaysia - ke arah daya saing global |
| 246 3# - VARYING FORM OF TITLE | |
| Title proper/short title | Industrial masterplan 3 |
| 246 3# - VARYING FORM OF TITLE | |
| Title proper/short title | Industrial masterplan three |
| 260 ## - PUBLICATION, DISTRIBUTION, ETC. | |
| Place of publication, distribution, etc. | Kuala Lumpur : |
| Name of publisher, distributor, etc. | Kementerian Perdagangan Antarabangsa & Industri, |
| Date of publication, distribution, etc. | 2006 |
| 263 ## - PROJECTED PUBLICATION DATE | |
| Projected publication date | 200606 |
| 300 ## - PHYSICAL DESCRIPTION | |
| Extent | mukasurat pelbagai ; |
| Dimensions | 27cm. + |
| Accompanying material | 1 video disc (4 3/4 in) |
| 500 ## - GENERAL NOTE | |
| General note | DISERTAKAN BERSAMA CD |
| 650 10 - SUBJECT ADDED ENTRY--TOPICAL TERM | |
| Topical term or geographic name entry element | Industries |
| General subdivision | Planning |
| Geographic subdivision | Malaysia |
| Chronological subdivision | 2006-2020 |
| 9 (RLIN) | 515 |
| 650 20 - SUBJECT ADDED ENTRY--TOPICAL TERM | |
| Topical term or geographic name entry element | Industrial policy |
| Geographic subdivision | Malaysia |
| Chronological subdivision | 2006-2020 |
| 9 (RLIN) | 516 |
| 650 20 - SUBJECT ADDED ENTRY--TOPICAL TERM | |
| Topical term or geographic name entry element | Industrial development projects |
| Geographic subdivision | Malaysia |
| Chronological subdivision | 2006-2020 |
| 9 (RLIN) | 517 |
| 942 ## - ADDED ENTRY ELEMENTS (KOHA) | |
| Source of classification or shelving scheme | |
| Koha item type | Book |
| Withdrawn status | Lost status | Source of classification or shelving scheme | Damaged status | Not for loan | Collection code | Home library | Current library | Shelving location | Date acquired | Inventory number | Total Checkouts | Full call number | Barcode | Date last seen | Price effective from | Koha item type |
|---|---|---|---|---|---|---|---|---|---|---|---|---|---|---|---|---|
| NON-FICTION | AKMAL Melaka | AKMAL Melaka | PINJAMAN | 27.04.2017 | 306079 | 338.9595 KPAI | 201700554 | 27.04.2017 | 27.04.2017 | Book | ||||||
| NON-FICTION | AKMAL Melaka | AKMAL Melaka | PINJAMAN | 27.04.2017 | 306078 | 338.9595 KPAI | 201700553 | 27.04.2017 | 27.04.2017 | Book | ||||||
| NON-FICTION | AKMAL Melaka | AKMAL Melaka | PINJAMAN | 27.04.2017 | 305739 | 338.9595 KPAI | 201700552 | 27.04.2017 | 27.04.2017 | Book | ||||||
| NON-FICTION | AKMAL Melaka | AKMAL Melaka | PINJAMAN | 11.05.2017 | 306078 | 338.9595 KPAI | 201705706 | 11.05.2017 | 11.05.2017 | Book |
